| 000 | 01015nam a2200301 a 4500 | ||
|---|---|---|---|
| 001 | 77396 | ||
| 003 | BD-RjUL | ||
| 005 | 20211209082951.0 | ||
| 008 | 030211s2003 nyua d b 001 0 eng | ||
| 020 | _a0531146650 | ||
| 035 | _a(BD-RjUL)77621 | ||
| 040 |
_aDLC _cDLC _dDLC _dBD-RjUL _beng |
||
| 041 | _aeng | ||
| 042 |
_apcc _alcac |
||
| 082 | 0 | 0 |
_a650.03 _221 _bSCY 2003 |
| 100 | 1 |
_aSchiffman, Stephan. _9241193 |
|
| 245 | 1 | 4 |
_aThe young entrepreneur's guide to business terms / _cStephan Schiffman. |
| 246 | 3 | 0 | _aGuide to business terms |
| 260 |
_aNew York : _bFranklin Watts, _cc2003. |
||
| 300 |
_a128 p. : _bcol. ill. ; _c27 cm. |
||
| 504 | _aIncludes bibliographical references and index. | ||
| 520 | _aIncludes definitions for an A to Z list of business terms that should be familiar to all potential entrepreneurs. | ||
| 650 | 0 |
_aBusiness _vDictionaries, Juvenile. _9241194 |
|
| 650 | 1 |
_aBusiness _vDictionaries. _9241195 |
|
| 942 |
_2ddc _cBK |
||
| 999 |
_c77396 _d77396 |
||